[Event "Junior Online 4NCL Division 5"]
[Site "online"]
[Date "2021.03.04"]
[EventDate "2021.03.04"]
[Round "4.278"]
[White "Soni, Gia"]
[WhiteElo "850"]
[WhiteTeam "Edgware Gambits J"]
[Black "Cooney, Felipe"]
[BlackElo "700"]
[BlackTeam "St. Laurence's BNS 1"]
[Result "0-1"]
[PlyCount "56"]

1. e4 e5 2. Nf3 Nc6 3. Bc4 Nf6 4. d3 Be7 5. Nc3 d6 6. Nd5 Nxd5 7. Bxd5 Bd7 8. Bxc6 Bxc6 9. Bg5 Bxg5 10. Nxg5 Qxg5 11. Qc1 Qxg2 12. Ke2 Qg4+ 13. f3 Qf4 14. Qxf4 exf4 15. Rhg1 O-O 16. Rg2 Rfe8 17. Rag1 g6 18. h4 h5 19. Rg5 d5 20. e5 Re6 21. c4 dxc4 22. dxc4 Rae8 23. Re1 Rxe5+ 24. Kf2 Rxe1 25. b3 R1e2+ 26. Kf1 Rb2 27. a4 Rd8 28. Rg2 Rd1# 0-1

[Event "Junior Online 4NCL Division 5"]
[Site "online"]
[Date "2021.03.04"]
[EventDate "2021.03.04"]
[Round "4.281"]
[White "Muthukumaran, Sriram"]
[WhiteElo "787"]
[WhiteTeam "Maidenhead Juniors 7"]
[Black "Yankov, Victor"]
[BlackElo "985"]
[BlackTeam "MCS Tenners B"]
[Result "1-0"]
[PlyCount "61"]

1. e4 d5 2. Nc3 Nf6 3. d3 e5 4. Nf3 Bd6 5. Be2 Nc6 6. O-O O-O 7. Bg5 h6 8. Bh4 Bd7 9. Nxd5 Be6 10. Nxf6+ gxf6 11. c3 Kg7 12. d4 Qc8 13. dxe5 Be7 14. exf6+ Bxf6 15. Bxf6+ Kxf6 16. Qd3 Kg7 17. Qb5 Rh8 18. Ne5 Kf8 19. Qc5+ Ne7 20. Rfd1 b6 21. Qb4 Qb7 22. Nd7+ Kg8 23. Nf6+ Kf8 24. Nd7+ Kg8 25. Qxe7 Kh7 26. Nf6+ Kg6 27. Bh5+ Kg7 28. Bg4 Rae8 29. Nxe8+ Kg8 30. Bxe6 Qxe4 31. Qxf7# 1-0

[Event "Junior Online 4NCL Division 5"]
[Site "online"]
[Date "2021.03.04"]
[EventDate "2021.03.04"]
[Round "4.282"]
[White "Large, Marcus"]
[WhiteElo "903"]
[WhiteTeam "MCS Tenners B"]
[Black "Tripathi, Advik"]
[BlackElo "749"]
[BlackTeam "Maidenhead Juniors 7"]
[Result "0-1"]
[PlyCount "90"]

1. e4 e5 2. Nf3 Nc6 3. Nc3 Nf6 4. Bc4 Bc5 5. d3 d6 6. Bd2 O-O 7. O-O Bd7 8. Qe2 a6 9. Bd5 Bg4 10. h3 Bd7 11. Bxc6 Bxc6 12. a3 b5 13. b4 Bb6 14. Rfe1 a5 15. bxa5 Bxa5 16. Bg5 Bxc3 17. Bxf6 Qxf6 18. Qe3 Bxa1 19. Rxa1 b4 20. Ng5 Rxa3 21. Rf1 Rfa8 22. Qg3 Qg6 23. h4 h6 24. Nf3 Qxg3 25. fxg3 Ra2 26. d4 exd4 27. Nxd4 Bxe4 28. Re1 Bxc2 29. Nf3 b3 30. Nd2 Bd3 31. Re3 Bf5 32. Rxb3 Rxd2 33. Rf3 Ra1+ 34. Kh2 Be4 35. Re3 Bf5 36. Re8+ Kh7 37. Re3 Rdd1 38. g4 Rh1+ 39. Kg3 Be6 40. Rf3 Rhb1 41. Rc3 Ra2 42. Rxc7 Rab2 43. Rc6 Rb6 44. Rc3 d5 45. Rd3 R1b3 0-1

[Event "Junior Online 4NCL Division 5"]
[Site "online"]
[Date "2021.03.04"]
[EventDate "2021.03.04"]
[Round "4.283"]
[White "Tripathi, Anaya"]
[WhiteElo "716"]
[WhiteTeam "Maidenhead Juniors 7"]
[Black "Davies, Fox"]
[BlackElo "963"]
[BlackTeam "MCS Tenners B"]
[Result "0-1"]
[PlyCount "58"]

1. e4 e6 2. Nf3 Qf6 3. Nc3 Bb4 4. Be2 Bxc3 5. dxc3 Qg6 6. Ng5 f6 7. Nxe6 dxe6 8. Bf3 f5 9. Qd3 fxe4 10. Bxe4 Qf6 11. O-O b6 12. Be3 c6 13. Rad1 Ba6 14. Bxc6+ Nxc6 15. Qd7+ Kf8 16. Qxc6 Bxf1 17. Qxa8+ Kf7 18. Rd7+ Ne7 19. Qxh8 Qg6 20. g3 Qxc2 21. Rd8 Bc4 22. Bd4 Qb1+ 23. Kg2 Bd5+ 24. Kh3 Qf1+ 25. Kh4 Nf5+ 26. Kg5 Qc1+ 27. f4 h6+ 28. Kh5 Qd1+ 29. g4 g6# 0-1

[Event "Junior Online 4NCL Division 5"]
[Site "online"]
[Date "2021.03.04"]
[EventDate "2021.03.04"]
[Round "4.285"]
[White "Yankov, Victor"]
[WhiteElo "985"]
[WhiteTeam "MCS Tenners B"]
[Black "Muthukumaran, Sriram"]
[BlackElo "787"]
[BlackTeam "Maidenhead Juniors 7"]
[Result "0-1"]
[PlyCount "76"]

1. e4 e5 2. Nf3 Nc6 3. d4 d6 4. d5 Nb4 5. c3 Na6 6. Bd3 Nf6 7. O-O Ng4 8. Nbd2 Be7 9. Qe2 O-O 10. h3 Nf6 11. b3 Nc5 12. Ng5 Nxd3 13. Qxd3 Nh5 14. Ngf3 Nf4 15. Qe3 Bg5 16. h4 Bh6 17. Nc4 Nh3+ 18. gxh3 Bxe3 19. Nxe3 Bxh3 20. Re1 Qf6 21. Nh2 Qg6+ 22. Nhg4 Bxg4 23. Kf1 Bh3+ 24. Ke2 Bg4+ 25. Kd2 Qxe4 26. Nxg4 Qxg4 27. Kc2 Qg2 28. Bd2 Qxf2 29. Rf1 Qxh4 30. Rh1 Qe4+ 31. Kb2 Qxd5 32. Rab1 Qxd2+ 33. Ka1 Rfe8 34. Rb2 Qxc3 35. Rd1 Re6 36. Rd2 Rf6 37. Rc2 Rf1+ 38. Rc1 Rxc1# 0-1

[Event "Junior Online 4NCL Division 5"]
[Site "online"]
[Date "2021.03.04"]
[EventDate "2021.03.04"]
[Round "4.286"]
[White "Tripathi, Advik"]
[WhiteElo "749"]
[WhiteTeam "Maidenhead Juniors 7"]
[Black "Large, Marcus"]
[BlackElo "903"]
[BlackTeam "MCS Tenners B"]
[Result "1-0"]
[PlyCount "37"]

1. e4 c5 2. d3 Nc6 3. Nf3 d6 4. Be2 Nf6 5. O-O Bd7 6. Bg5 e6 7. Nc3 Be7 8. Bxf6 Bxf6 9. Qd2 Qc7 10. Nb5 Qb6 11. Na3 Qxb2 12. Nc4 Qb4 13. Qxb4 cxb4 14. Nxd6+ Kf8 15. Nxb7 Rb8 16. Nc5 Re8 17. Nxd7+ Kg8 18. Nxf6+ gxf6 19. Rfc1 1-0

[Event "Junior Online 4NCL Division 5"]
[Site "online"]
[Date "2021.03.04"]
[EventDate "2021.03.04"]
[Round "4.287"]
[White "Davies, Fox"]
[WhiteElo "963"]
[WhiteTeam "MCS Tenners B"]
[Black "Tripathi, Anaya"]
[BlackElo "716"]
[BlackTeam "Maidenhead Juniors 7"]
[Result "0-1"]
[PlyCount "114"]

1. e3 e5 2. Qh5 d6 3. Bb5+ Bd7 4. Bxd7+ Qxd7 5. Qh3 Qe6 6. Qxe6+ fxe6 7. Nh3 Nc6 8. Rf1 O-O-O 9. f4 exf4 10. exf4 Nf6 11. Ng5 Re8 12. Nf7 Rg8 13. f5 exf5+ 14. Kf2 Ng4+ 15. Kg3 Nge5 16. Nxe5 Rxe5 17. Kf4 g6 18. Kf3 Nd4+ 19. Kf2 Nxc2 20. b3 Nxa1 21. Bb2 Rd5 22. Bxa1 Bh6 23. Re1 b6 24. Nc3 Rxd2+ 25. Kf3 Rd3+ 26. Ke2 Re3+ 27. Kd2 Rxe1+ 28. Kxe1 Re8+ 29. Ne2 Re7 30. Bf6 Re4 31. Bc3 Re3 32. Bd2 Re5 33. Bxh6 Rc5 34. b4 Rc2 35. a3 d5 36. Nd4 Rxg2 37. h4 Rg1+ 38. Kf2 Rh1 39. Kg2 Rxh4 40. Nf3 Rxh6 41. Ne5 d4 42. Nc4 d3 43. a4 Rh4 44. Nb2 d2 45. Kg3 Rxb4 46. Nd1 Rb1 47. Nc3 Rc1 48. Na2 d1=Q 49. Nxc1 Qxc1 50. Kf3 Qc4 51. Kf2 b5 52. Kg1 Qc2 53. axb5 a5 54. Kf1 a4 55. Ke1 a3 56. Kf1 a2 57. Ke1 a1=Q# 0-1

[Event "Junior Online 4NCL Division 5"]
[Site "online"]
[Date "2021.03.04"]
[EventDate "2021.03.04"]
[Round "4.291"]
[White "Jain, Aarnav"]
[WhiteElo "1250"]
[WhiteTeam "Chess Challengers G"]
[Black "Friel, Daniel"]
[BlackElo "700"]
[BlackTeam "St. Laurence's BNS 2"]
[Result "1-0"]
[PlyCount "55"]

1. e4 e5 2. Nf3 Nc6 3. Bc4 Bc5 4. d3 Nf6 5. O-O d6 6. h3 O-O 7. Bg5 b6 8. Nc3 Bb7 9. Nd5 Rc8 10. c3 b5 11. Bxb5 a6 12. Bc4 Na5 13. Bb3 Nxb3 14. axb3 Bxd5 15. exd5 Rb8 16. d4 Ba7 17. b4 h6 18. Bh4 Qd7 19. Bxf6 gxf6 20. Nh4 exd4 21. cxd4 Kh7 22. Qd3+ Kh8 23. Qf3 Qe7 24. Rfe1 Qd8 25. Nf5 Kh7 26. Qh5 Re8 27. Qxh6+ Kg8 28. Qg7# 1-0

[Event "Junior Online 4NCL Division 5"]
[Site "online"]
[Date "2021.03.04"]
[EventDate "2021.03.04"]
[Round "4.293"]
[White "Singh, Arjun"]
[WhiteElo "1100"]
[WhiteTeam "Chess Challengers G"]
[Black "Savage, Harry"]
[BlackElo "700"]
[BlackTeam "St. Laurence's BNS 2"]
[Result "1/2-1/2"]
[PlyCount "90"]

1. e4 e5 2. Nf3 Nc6 3. Bc4 h6 4. Nc3 Nf6 5. Bb5 Bc5 6. h3 a6 7. Bxc6 dxc6 8. Nxe5 Bd4 9. f3 Bxe5 10. d3 Bg3+ 11. Kf1 Nh5 12. b3 Be5 13. Bb2 Ng3+ 14. Kg1 Nxh1 15. Kxh1 Bxc3 16. Bxc3 O-O 17. d4 c5 18. d5 Re8 19. a4 b5 20. axb5 Re7 21. Qd2 Rd7 22. Ra2 Rd6 23. Ra1 Rg6 24. Ra3 Qh4 25. Kg1 Bxh3 26. Kf1 Bxg2+ 27. Ke2 Bxf3+ 28. Kxf3 Qg4+ 29. Ke3 Qg5+ 30. Ke2 Qg2+ 31. Kd3 Qg3+ 32. Kc4 Re8 33. Kxc5 Qd6+ 34. Kd4 Qxa3 35. bxa6 Qxa6 36. Qd3 Qxd3+ 37. Kxd3 Rg3+ 38. Kc4 Rxe4+ 39. Kc5 Rxc3+ 40. Kb5 Re5 41. Kb4 Rc6 42. Kb5 Rxc2 43. Kb4 Rxd5 44. Ka3 Ra5+ 45. Kb4 Rcc5 1/2-1/2

[Event "Junior Online 4NCL Division 5"]
[Site "online"]
[Date "2021.03.04"]
[EventDate "2021.03.04"]
[Round "4.294"]
[White "Rothl, Matthew"]
[WhiteElo "700"]
[WhiteTeam "St. Laurence's BNS 2"]
[Black "Singh Gehlote, Sohum"]
[BlackElo "1129"]
[BlackTeam "Chess Challengers G"]
[Result "0-1"]
[PlyCount "52"]

1. e4 e5 2. Nf3 Nc6 3. Nc3 Bc5 4. Nxe5 Nxe5 5. d4 Bxd4 6. Qxd4 Nc6 7. Qd1 Nf6 8. Bb5 d6 9. Bxc6+ bxc6 10. O-O Bg4 11. Qe1 O-O 12. Qe3 Re8 13. Qg3 d5 14. f3 Be6 15. Bh6 g6 16. Nxd5 cxd5 17. Rae1 dxe4 18. fxe4 Qd4+ 19. Rf2 Rab8 20. Be3 Qxe4 21. Qg5 Nd5 22. Rd1 Nxe3 23. Re1 Rxb2 24. Rxe3 Qc4 25. Rh3 Rb1+ 26. Rf1 Qxf1# 0-1

[Event "Junior Online 4NCL Division 5"]
[Site "online"]
[Date "2021.03.04"]
[EventDate "2021.03.04"]
[Round "4.295"]
[White "Friel, Daniel"]
[WhiteElo "700"]
[WhiteTeam "St. Laurence's BNS 2"]
[Black "Jain, Aarnav"]
[BlackElo "1250"]
[BlackTeam "Chess Challengers G"]
[Result "1-0"]
[PlyCount "53"]

1. e4 e5 2. Nc3 Nc6 3. Nf3 Nf6 4. Bc4 Bc5 5. d4 exd4 6. Na4 Bb6 7. Nxb6 axb6 8. Ng5 O-O 9. Qf3 h6 10. Nh3 d6 11. Bb5 Ne5 12. Qb3 c6 13. Bd3 d5 14. exd5 cxd5 15. Nf4 Bd7 16. Nxd5 Nxd5 17. Qxd5 Qc7 18. Qxd4 Rad8 19. Bf4 f6 20. Qe4 Bc6 21. Qh7+ Kf7 22. Bxe5 Qxe5+ 23. Kf1 Qxb2 24. Re1 Qxa2 25. Qg6+ Kg8 26. Qh7+ Kf7 27. Bg6# 1-0

[Event "Junior Online 4NCL Division 5"]
[Site "online"]
[Date "2021.03.04"]
[EventDate "2021.03.04"]
[Round "4.296"]
[White "Botnari, Sofia"]
[WhiteElo "1243"]
[WhiteTeam "Chess Challengers G"]
[Black "Rothl, Nathan"]
[BlackElo "700"]
[BlackTeam "St. Laurence's BNS 2"]
[Result "0-1"]
[PlyCount "58"]

1. e4 e5 2. Bc4 d5 3. exd5 Qf6 4. Nf3 Bc5 5. O-O Nh6 6. d4 exd4 7. Bg5 Qb6 8. d6 cxd6 9. Nh4 f6 10. Bxh6 gxh6 11. c3 h5 12. cxd4 Bxd4 13. Nc3 Bg4 14. Qd3 Nc6 15. h3 Bd7 16. Ne4 Bxb2 17. Rab1 Bd4 18. Rxb6 axb6 19. Nxf6+ Bxf6 20. Nf3 Ra5 21. Qxd6 Rf8 22. Qd2 Ra4 23. Bb3 Ra5 24. Rd1 Bf5 25. Nh4 Bxh4 26. g4 Bc8 27. Be6 Bxe6 28. Re1 Bxf2+ 29. Kf1 Bxe1+ 0-1

[Event "Junior Online 4NCL Division 5"]
[Site "online"]
[Date "2021.03.04"]
[EventDate "2021.03.04"]
[Round "4.297"]
[White "Savage, Harry"]
[WhiteElo "700"]
[WhiteTeam "St. Laurence's BNS 2"]
[Black "Singh, Arjun"]
[BlackElo "1100"]
[BlackTeam "Chess Challengers G"]
[Result "0-1"]
[PlyCount "70"]

1. e4 d5 2. Nc3 dxe4 3. Nxe4 Nf6 4. Nxf6+ exf6 5. Nf3 Bg4 6. Be2 Nc6 7. Nh4 Bxe2 8. Qxe2+ Qe7 9. Qxe7+ Bxe7 10. O-O g5 11. Nf5 Bb4 12. Re1+ Ne7 13. Nd4 O-O-O 14. Nb5 Bc5 15. d3 a6 16. Nc3 Nd5 17. Nxd5 Rxd5 18. b3 Re5 19. Rxe5 fxe5 20. Bb2 Bd4 21. c3 Ba7 22. Ba3 b5 23. Re1 f6 24. Be7 Re8 25. Bxf6 e4 26. dxe4 Rg8 27. e5 Kd7 28. e6+ Ke8 29. e7 h6 30. Re6 Bc5 31. b4 Ba7 32. Be5 Kf7 33. Rxa6 Kxe7 34. Rxa7 Rd8 35. Ra6 Rd1# 0-1

[Event "Junior Online 4NCL Division 5"]
[Site "online"]
[Date "2021.03.04"]
[EventDate "2021.03.04"]
[Round "4.298"]
[White "Singh Gehlote, Sohum"]
[WhiteElo "1129"]
[WhiteTeam "Chess Challengers G"]
[Black "Rothl, Matthew"]
[BlackElo "700"]
[BlackTeam "St. Laurence's BNS 2"]
[Result "1-0"]
[PlyCount "49"]

1. e4 e5 2. Nf3 Nc6 3. Bc4 Nf6 4. Nc3 Bb4 5. O-O Bxc3 6. dxc3 O-O 7. Bg5 d6 8. h3 h6 9. Bh4 g5 10. Bg3 Nxe4 11. Re1 Nxg3 12. fxg3 g4 13. hxg4 Bxg4 14. Be2 Bd7 15. Qd3 Ne7 16. Qe3 Nf5 17. Qf2 f6 18. g4 Ng7 19. Nh2 h5 20. gxh5 Nxh5 21. Bxh5 f5 22. Qg3+ Kh7 23. Qg6+ Kh8 24. Re2 Rg8 25. Qh6# 1-0

[Event "Junior Online 4NCL Division 5"]
[Site "online"]
[Date "2021.03.04"]
[EventDate "2021.03.04"]
[Round "4.301"]
[White "Morin, Julian"]
[WhiteElo "938"]
[WhiteTeam "Barnet Knights G"]
[Black "Shah, Kian"]
[BlackElo "925"]
[BlackTeam "Harrow Juniors H"]
[Result "1-0"]
[PlyCount "41"]

1. e4 e5 2. Nf3 Nc6 3. Nc3 Bb4 4. d3 Nf6 5. Bd2 O-O 6. a3 d6 7. Be2 Bxc3 8. Bxc3 b5 9. O-O h5 10. Qd2 Ba6 11. b4 Nxb4 12. axb4 Ng4 13. h3 Nxf2 14. Rxf2 Bb7 15. Qg5 f6 16. Qxh5 Bxe4 17. dxe4 Rb8 18. Nh4 Rb6 19. Nf5 g6 20. Qxg6+ Kh8 21. Qg7# 1-0

[Event "Junior Online 4NCL Division 5"]
[Site "online"]
[Date "2021.03.04"]
[EventDate "2021.03.04"]
[Round "4.302"]
[White "Parikh, Aadhya"]
[WhiteElo "1000"]
[WhiteTeam "Harrow Juniors H"]
[Black "Marshall, Wilfred"]
[BlackElo "887"]
[BlackTeam "Barnet Knights G"]
[Result "0-1"]
[PlyCount "102"]

1. e4 c5 2. Nc3 e6 3. Nf3 d5 4. exd5 exd5 5. Bb5+ Nc6 6. Bxc6+ bxc6 7. O-O Nf6 8. d3 Be7 9. Bg5 O-O 10. Bxf6 Bxf6 11. Nd2 d4 12. Nce4 Be5 13. Qg4 Bxg4 14. Rfe1 Re8 15. Nxc5 Qe7 16. Re4 Bf5 17. Ree1 Bxh2+ 18. Kxh2 Qxe1 19. Rxe1 Rxe1 20. Nc4 Be6 21. Nd6 Rd8 22. Ndb7 Rb8 23. Nd6 Rxb2 24. Kg3 Ra1 25. Na4 Rbxa2 26. Nc3 Rxc2 27. Nce4 Bd5 28. Ng5 Raa2 29. Nf3 Bxf3 30. Kxf3 Rxf2+ 31. Ke4 Rae2+ 32. Kxd4 Rf5 33. Nxf5 Rxg2 34. Ne3 a5 35. Nxg2 a4 36. Kc3 Kf8 37. Kb2 Ke7 38. Ka1 f6 39. Nf4 g5 40. Nh3 g4 41. Nf4 g3 42. Ng2 h5 43. d4 f5 44. Ne3 f4 45. Ng2 f3 46. Ne1 f2 47. Nf3 f1=Q+ 48. Ka2 Qd3 49. Ne1 Qb3+ 50. Ka1 a3 51. Ng2 Qb2# 0-1

[Event "Junior Online 4NCL Division 5"]
[Site "online"]
[Date "2021.03.04"]
[EventDate "2021.03.04"]
[Round "4.303"]
[White "Thompson, Alex"]
[WhiteElo "844"]
[WhiteTeam "Barnet Knights G"]
[Black "Benhamou, Ilan"]
[BlackElo "900"]
[BlackTeam "Harrow Juniors H"]
[Result "1-0"]
[PlyCount "95"]

1. b4 e5 2. Bb2 f5 3. Bxe5 d6 4. Bb2 Be7 5. Bxg7 Bf6 6. Bxh8 Bxh8 7. Nc3 Bxc3 8. dxc3 Nf6 9. Nf3 Ne4 10. e3 Nxc3 11. Qd3 Na4 12. Qxf5 Bxf5 13. Bd3 Nb2 14. Rb1 Nxd3+ 15. cxd3 Bxd3 16. Rd1 Bc2 17. Rd2 Be4 18. Ng5 Qxg5 19. f4 Qxg2 20. Rxg2 Bxg2 21. Rg1 Be4 22. Rg8+ Kf7 23. Rc8 c6 24. Ke2 b6 25. Rh8 a6 26. Rxh7+ Kg6 27. Re7 Bf5 28. Kf3 Kh5 29. e4 Bg4+ 30. Ke3 Kh4 31. f5 a5 32. f6 axb4 33. f7 Na6 34. Re8 Bc8 35. f8=Q c5 36. Qxd6 c4 37. Qxb6 c3 38. Qc6 c2 39. Qxc2 Kh3 40. Rxc8 Rxc8 41. Qxc8+ Kh4 42. Qxa6 Kh3 43. Qb5 Kxh2 44. Qxb4 Kh3 45. Qf8 Kh4 46. Qg7 Kh5 47. Kf3 Kh4 48. Qg4# 1-0

[Event "Junior Online 4NCL Division 5"]
[Site "online"]
[Date "2021.03.04"]
[EventDate "2021.03.04"]
[Round "4.304"]
[White "Cann, Harriet"]
[WhiteElo "925"]
[WhiteTeam "Harrow Juniors H"]
[Black "Finlay Fox, George"]
[BlackElo "800"]
[BlackTeam "Barnet Knights G"]
[Result "0-1"]
[PlyCount "36"]

1. e3 e5 2. Qh5 g6 3. Qxe5+ Be7 4. Qg3 Nf6 5. Bc4 O-O 6. Bxf7+ Rxf7 7. Nf3 Ne4 8. Nc3 Nxg3 9. Nd5 d6 10. Nf6+ Rxf6 11. Nd4 Nxh1 12. Ne6 Bxe6 13. d3 c5 14. Bd2 Qb6 15. O-O-O Bg4 16. f3 Qa5 17. fxg4 Qxa2 18. Rxh1 Qa1# 0-1

[Event "Junior Online 4NCL Division 5"]
[Site "online"]
[Date "2021.03.04"]
[EventDate "2021.03.04"]
[Round "4.305"]
[White "Shah, Kian"]
[WhiteElo "925"]
[WhiteTeam "Harrow Juniors H"]
[Black "Morin, Julian"]
[BlackElo "938"]
[BlackTeam "Barnet Knights G"]
[Result "0-1"]
[PlyCount "44"]

1. e4 e5 2. Bc4 Nc6 3. Nh3 Bc5 4. f3 Nf6 5. d3 O-O 6. Bxf7+ Rxf7 7. Bg5 h6 8. Bxf6 Rxf6 9. f4 exf4 10. d4 Bd6 11. Qg4 Bb4+ 12. c3 d6 13. Qxg7+ Kxg7 14. Nxf4 Rxf4 15. cxb4 Rxe4+ 16. Kd2 Rxd4+ 17. Kc3 Qf6 18. Re1 Re4+ 19. Kd3 Rxe1 20. Nd2 Rxa1 21. Kc2 Rxa2 22. Kb1 Qxb2# 0-1

[Event "Junior Online 4NCL Division 5"]
[Site "online"]
[Date "2021.03.04"]
[EventDate "2021.03.04"]
[Round "4.306"]
[White "Marshall, Wilfred"]
[WhiteElo "887"]
[WhiteTeam "Barnet Knights G"]
[Black "Parikh, Aadhya"]
[BlackElo "1000"]
[BlackTeam "Harrow Juniors H"]
[Result "1-0"]
[PlyCount "33"]

1. e4 e5 2. Bc4 Nf6 3. Qf3 Nc6 4. g4 Nd4 5. Qd3 Nxg4 6. c3 Nc6 7. Qd5 Qf6 8. f3 Qxf3 9. Nxf3 d6 10. Qxf7+ Kd8 11. Ng5 Bd7 12. Ne6+ Bxe6 13. Bxe6 Be7 14. Bxg4 Bh4+ 15. Kf1 Ne7 16. c4 Ng8 17. Qd7# 1-0

[Event "Junior Online 4NCL Division 5"]
[Site "online"]
[Date "2021.03.04"]
[EventDate "2021.03.04"]
[Round "4.307"]
[White "Benhamou, Ilan"]
[WhiteElo "900"]
[WhiteTeam "Harrow Juniors H"]
[Black "Thompson, Alex"]
[BlackElo "844"]
[BlackTeam "Barnet Knights G"]
[Result "0-1"]
[PlyCount "40"]

1. d4 d5 2. Nf3 Nc6 3. Nc3 Nf6 4. Bg5 Bf5 5. e3 e6 6. Bb5 Bb4 7. Bxc6+ bxc6 8. a3 Bxc3+ 9. bxc3 Ne4 10. Ne5 Nxg5 11. Nxc6 Qd7 12. Ne5 Qd6 13. f4 Ne4 14. c4 dxc4 15. Qh5 Bg6 16. Nxc4 Qc6 17. Qe2 Nc3 18. Qd3 Bxd3 19. Ne5 Qxg2 20. Nxd3 Qe2# 0-1

[Event "Junior Online 4NCL Division 5"]
[Site "online"]
[Date "2021.03.04"]
[EventDate "2021.03.04"]
[Round "4.308"]
[White "Finlay Fox, George"]
[WhiteElo "800"]
[WhiteTeam "Barnet Knights G"]
[Black "Cann, Harriet"]
[BlackElo "925"]
[BlackTeam "Harrow Juniors H"]
[Result "1-0"]
[PlyCount "37"]

1. e4 e6 2. Nf3 Nf6 3. g3 Nxe4 4. Bg2 Nxf2 5. Qe2 Nxh1 6. Ng5 Nxg3 7. Qh5 g6 8. Qg4 Qxg5 9. Qxg5 Be7 10. Qh6 Bf8 11. Qg5 Be7 12. Qxg3 Bf8 13. d4 Bd6 14. Qf3 Be5 15. dxe5 d6 16. Bg5 dxe5 17. Bf1 Bd7 18. Qf6 Kf8 19. Qxh8# 1-0

[Event "Junior Online 4NCL Division 5"]
[Site "online"]
[Date "2021.03.04"]
[EventDate "2021.03.04"]
[Round "4.311"]
[White "Choung, James Alexander"]
[WhiteElo "900"]
[WhiteTeam "Young Dragons D"]
[Black "Barrio, Ricardo"]
[BlackElo "1075"]
[BlackTeam "Ojays H"]
[Result "1-0"]
[PlyCount "139"]

1. e4 c5 2. Nf3 d6 3. Bb5+ Nc6 4. Bxc6+ bxc6 5. O-O Nf6 6. Nc3 g6 7. Re1 Bg7 8. e5 dxe5 9. Nxe5 Nd5 10. Nxc6 Qd6 11. Nxd5 Qxd5 12. Rxe7+ Kf8 13. Qe1 Bd7 14. c4 Qxc6 15. Re3 Qf6 16. d3 Qf4 17. Re8+ Rxe8 18. Bxf4 Rxe1+ 19. Rxe1 h6 20. Bd6+ Kg8 21. Bxc5 a6 22. b4 Kh7 23. Rb1 Rb8 24. a4 a5 25. b5 Be5 26. b6 Bc6 27. d4 Bf6 28. Bd6 Rb7 29. c5 Bxd4 30. Rd1 Bf6 31. Rb1 Bxa4 32. Kf1 Bd4 33. Kg1 f5 34. Kf1 g5 35. Kg1 h5 36. h3 Kh6 37. Kh2 Kg6 38. g3 Bxf2 39. Kg2 Be3 40. Kf3 Bd2 41. Ke2 Bb4 42. Kf3 Bc6+ 43. Ke3 g4 44. h4 Be1 45. Rxe1 a4 46. Ra1 Rb8 47. Bxb8 Kf6 48. Bd6 Ke6 49. b7 Bxb7 50. Rxa4 Bd5 51. Ra6 Bb7 52. Rb6 Bd5 53. c6 Bxc6 54. Rxc6 Kd5 55. Ra6 Ke6 56. Kf4 Kd5 57. Kxf5 Kd4 58. Kg5 Ke3 59. Kxh5 Kf3 60. Ra3+ Ke4 61. Kxg4 Kd5 62. Bb8 Ke6 63. h5 Kf6 64. h6 Kg6 65. Ra6+ Kh7 66. Bf4 Kh8 67. Ra7 Kg8 68. Be5 Kf8 69. h7 Ke8 70. h8=R# 1-0

[Event "Junior Online 4NCL Division 5"]
[Site "online"]
[Date "2021.03.04"]
[EventDate "2021.03.04"]
[Round "4.312"]
[White "Conlon, George"]
[WhiteElo "925"]
[WhiteTeam "Ojays H"]
[Black "Squirrell, Baxter"]
[BlackElo "880"]
[BlackTeam "Young Dragons D"]
[Result "1-0"]
[PlyCount "119"]

1. e4 e5 2. Nf3 Nc6 3. Bc4 h6 4. Nc3 Nf6 5. Rb1 Bc5 6. O-O O-O 7. a3 d6 8. b4 Bg4 9. bxc5 Bxf3 10. Qxf3 dxc5 11. Qf5 Qd4 12. Bb3 Qd7 13. Nd5 Qxf5 14. exf5 Nxd5 15. Bxd5 Nd4 16. Rxb7 Nxc2 17. Rxc7 Rad8 18. Be4 Nd4 19. Rxc5 Rb8 20. Rxe5 Rbc8 21. Bb2 Nb3 22. Bd5 Nxd2 23. Rfe1 Rb8 24. Bc3 Nb1 25. Bb4 Nxa3 26. Bxa3 Rfd8 27. Bc4 Rd4 28. Re8+ Rxe8 29. Rxe8+ Kh7 30. Be2 g6 31. h3 gxf5 32. Bb2 Rd6 33. Bc4 Rd1+ 34. Kh2 Rd2 35. Bc3 Rxf2 36. Bxf7 Rc2 37. Bf6 Rc7 38. Bg8+ Kg6 39. Be5 Rg7 40. Bxg7 Kxg7 41. Be6 f4 42. Rg8+ Kf6 43. Bd5 Ke5 44. Bc4 Kd4 45. Bb3 Ke3 46. Rf8 f3 47. gxf3 Kd3 48. Ra8 Kc3 49. Rxa7 Kxb3 50. f4 Kc3 51. f5 Kd4 52. f6 Ke5 53. f7 Ke6 54. f8=Q Kd5 55. Ra6 Ke5 56. Qc5+ Kf4 57. Ra4+ Kf3 58. Qc3+ Kf2 59. Ra2+ Kf1 60. Qc1# 1-0

[Event "Junior Online 4NCL Division 5"]
[Site "online"]
[Date "2021.03.04"]
[EventDate "2021.03.04"]
[Round "4.314"]
[White "Simon, Logan"]
[WhiteElo "900"]
[WhiteTeam "Ojays H"]
[Black "Caesar, Amelie"]
[BlackElo "653"]
[BlackTeam "Young Dragons D"]
[Result "0-1"]
[PlyCount "66"]

1. e4 e5 2. c3 Nc6 3. f3 Nf6 4. f4 d5 5. exd5 Nxd5 6. fxe5 Nxe5 7. c4 Nf6 8. d3 Nc6 9. Bf4 Qe7+ 10. Be3 Qxe3+ 11. Ne2 Qe7 12. Nc3 Qd8 13. a4 Be7 14. Ra2 Bd7 15. Ra3 Bxa3 16. bxa3 O-O 17. Nd4 Nxd4 18. Be2 Qe8 19. O-O h6 20. Rf4 Qe7 21. Rxd4 Rfe8 22. a5 Qd8 23. c5 Qe7 24. c6 Bxc6 25. Rd7 Qxd7 26. h4 h5 27. Bxh5 Nxh5 28. Qxh5 Re1+ 29. Kf2 Qe7 30. a6 bxa6 31. a4 Rb8 32. g4 Rb2+ 33. Kg3 Qe3# 0-1

[Event "Junior Online 4NCL Division 5"]
[Site "online"]
[Date "2021.03.04"]
[EventDate "2021.03.04"]
[Round "4.315"]
[White "Barrio, Ricardo"]
[WhiteElo "1075"]
[WhiteTeam "Ojays H"]
[Black "Choung, James Alexander"]
[BlackElo "900"]
[BlackTeam "Young Dragons D"]
[Result "1-0"]
[PlyCount "41"]

1. e4 e5 2. Nf3 Nc6 3. Bc4 Nf6 4. Nc3 Bc5 5. d3 d6 6. O-O O-O 7. Bg5 Na5 8. Nd5 Qd7 9. Bxf6 Re8 10. Ng5 h6 11. Nh3 Re6 12. Qg4 Rxf6 13. Nxf6+ Kf8 14. Nxd7+ Kg8 15. Nf6+ Kf8 16. Qh5 g6 17. Qxh6+ Ke7 18. Qg7 Bd7 19. Qxf7+ Kd8 20. Qf8+ Be8 21. Qxe8# 1-0

[Event "Junior Online 4NCL Division 5"]
[Site "online"]
[Date "2021.03.04"]
[EventDate "2021.03.04"]
[Round "4.316"]
[White "Squirrell, Baxter"]
[WhiteElo "880"]
[WhiteTeam "Young Dragons D"]
[Black "Conlon, George"]
[BlackElo "925"]
[BlackTeam "Ojays H"]
[Result "1-0"]
[PlyCount "47"]

1. e4 d5 2. exd5 Qxd5 3. Nc3 Qd8 4. Nf3 Nf6 5. d4 Bf5 6. Bc4 Ne4 7. O-O Nxc3 8. bxc3 Bg4 9. Bf4 Bxf3 10. Qxf3 Nc6 11. Qg4 e6 12. Be3 f5 13. Qd1 Qd7 14. Qh5+ g6 15. Qd1 Na5 16. Bxe6 Qxe6 17. d5 Qe5 18. Bd4 Qf4 19. Bxh8 Bh6 20. Qe1+ Kf8 21. Be5 Qh4 22. Bxc7 Bf4 23. Bxf4 Qxf4 24. g3 1-0

[Event "Junior Online 4NCL Division 5"]
[Site "online"]
[Date "2021.03.04"]
[EventDate "2021.03.04"]
[Round "4.317"]
[White "Barrio Lopez, Carlos"]
[WhiteElo "918"]
[WhiteTeam "Ojays H"]
[Black "Dafydd, Gruff"]
[BlackElo "700"]
[BlackTeam "Young Dragons D"]
[Result "0-1"]
[PlyCount "94"]

1. e4 e5 2. Qh5 Nf6 3. Qxe5+ Be7 4. Bc4 Nc6 5. Qg3 Bb4 6. Nc3 Nxe4 7. Qf3 Qe7 8. d3 Ng5+ 9. Be3 Nxf3+ 10. Nxf3 Bxc3+ 11. Nd2 Qh4 12. O-O-O Na5 13. Nf3 Qf6 14. Rhe1 Bxb2+ 15. Kb1 Ba1 16. Bg5+ Kf8 17. Bxf6 gxf6 18. Nh4 Bc3 19. Nf5 Bxe1 20. Rxe1 d5 21. Bxd5 Bxf5 22. d4 Re8 23. Rd1 Re2 24. Bf3 Bxc2+ 25. Ka1 Bxd1 26. Bxe2 Bxe2 27. Kb2 Rg8 28. Kc3 Rxg2 29. Kb4 Nc6+ 30. Kc5 Rg5+ 31. d5 Ne7 32. h4 Rxd5+ 33. Kb4 c5+ 34. Ka5 Nc6+ 35. Ka4 Bd1+ 36. Kb5 Be2+ 37. Ka4 c4 38. Ka3 c3 39. Kb3 Rd3 40. a3 Bd1+ 41. Ka2 c2 42. f3 c1=Q 43. a4 Qa3+ 44. Kb1 Qb3+ 45. Ka1 Rd2 46. a5 Qc2 47. a6 Qc1# 0-1